Quy trình, kỹ thuật trồng, chăm sóc thu hoạch Thanh long theo hướng an toàn : Tài liệu khuyến nông

Sách cung cấp các văn bản hướng dẫn quy trình kỹ thuật trồng, chăm sóc, thu hoạch Thanh long theo hướng an toàn

Uloženo v:
Podrobná bibliografie
Korporace: ở nông nghiệp và phát triển nông thôn Bình Thuận, Trung tâm khuyến nông
Médium: Kniha
Jazyk:Undetermined
Vydáno: Bình Thuận, Việt Nam Trung tâm khuyến nông Bình Thuận 2007
Témata:
Tagy: Přidat tag
Žádné tagy, Buďte první, kdo otaguje tento záznam!
Thư viện lưu trữ: Trung tâm Học liệu Trường Đại học Cần Thơ
LEADER 01052nam a2200217Ia 4500
001 CTU_134746
008 210402s9999 xx 000 0 und d
082 |a 634.7 
082 |b S460 
110 |a ở nông nghiệp và phát triển nông thôn Bình Thuận 
110 |b Trung tâm khuyến nông 
245 0 |a Quy trình, kỹ thuật trồng, chăm sóc thu hoạch Thanh long theo hướng an toàn : 
245 0 |b Tài liệu khuyến nông 
245 0 |c Sở nông nghiệp và phát triển nông thôn Bình Thuận. Trung tâm khuyến nông 
260 |a Bình Thuận, Việt Nam 
260 |b Trung tâm khuyến nông Bình Thuận 
260 |c 2007 
520 |a Sách cung cấp các văn bản hướng dẫn quy trình kỹ thuật trồng, chăm sóc, thu hoạch Thanh long theo hướng an toàn 
650 |a Tropical fruit,Cây nhiệt đới 
904 |i Huỳnh Mai 
980 |a Trung tâm Học liệu Trường Đại học Cần Thơ